Classement des puissances nucléaires mondiales - Statistiques

Statistiques générales
  • Ce quiz a été pris 498 fois
  • Le résultat moyen est 8 sur 9
Statistiques - réponses
nombre total d'ogives nombre d'ogives opérationnelles autres ogives Pays % Correct
290 280 10 France
100%
6255 1625 4630 Russie
100%
3750 1800 3750 Etats-Unis
99%
350 - 350 Chine
96%
225 120 105 Royaume-Uni
93%
40-50 - 40-50 Corée du Nord
88%
156 - 156 Inde
86%
165 - 165 Pakistan
76%
90 - 90 Israël
66%
Aucun quiz correspondant
Distribution des résultats
% des personnes avec chaque résultat
Percentile par nombre de réponses
Votre historique - résultats
Vous n’avez pas pris ce quiz